000 00390nam a2200133Ia 4500
005 20260328104324.0
008 260328s9999||||xx |||||||||||||| ||und||
100 _aRico, Javier Esteban
245 0 _aEstudios Críticos Sobre Diseño de InFormación /
_cJavier Esteban Rico
260 _bFacultad de Filosofia y Letras UBA
300 _a143 p.
650 _aDISEÑO INDUSTRIAL
942 _cBK
999 _c11467
_d11467